Statystyki dla Kraje UE podróżujące do innych krajów UE najbardziej

Kliknij tutaj aby rozwiązać quiz!

Ogólne statystyki

  • Ten quiz został rozwiązany 1 048 razy
  • Średni wynik to 12 z 28

Statystyki odpowiedzi

Kraj UE, który
podróżuje...
...do ten kraj UE% Poprawnych
PolskaNiemcy
81%
BelgiaFrancja
73%
PortugaliaHiszpania
73%
DaniaNiemcy
64%
AustriaWlochy
64%
FrancjaHiszpania
63%
HiszpaniaFrancja
61%
CyprGrecja
59%
IrlandiaWielka Brytania
59%
EstoniaFinlandia
56%
CzechySlowacja
56%
BulgariaGrecja
54%
LuksemburgFrancja
50%
FinlandiaEstonia
49%
HolandiaFrancja
46%
ChorwacjaSlowenia
40%
LitwaNiemcy
36%
LotwaNiemcy
34%
NiemcyAustria
33%
WlochyFrancja
33%
SloweniaChorwacja
32%
Wielka BrytaniaHiszpania
26%
RumuniaGrecja
23%
GrecjaFrancja
20%
MaltaWielka Brytania
17%
SlowacjaAustria
16%
WegryChorwacja
15%
SzwecjaHiszpania
13%

Rozkład punktacji

Percentyl według liczby udzielonych odpowiedzi

Procent ludzi z każdym wynikiem

Twoja historia wyników

Nie rozwiązałeś tego quizu